000 00507nam a22001697a 4500
005 20251108172831.0
008 250721s9999 xx 000 0 ara d
082 1 4 _a820.09/روس
100 1 _aروس، حالكولم
245 1 0 _aالخلاصة العصبية لتقاليدنا /
264 1 _aبغداد :
_bدار الشؤون الثقافية العامة،
300 _a248 ص
650 1 7 _aالأدب الكندي
650 1 7 _aالنقد الأدبي
942 _2ddc
_cBK
999 _c89607
_d89607